| 000 | 00402nam a2200157Ia 4500 | ||
|---|---|---|---|
| 008 | 230312s9999||||xx |||||||||||||| ||und|| | ||
| 020 | _a81-89411-14-4 | ||
| 082 |
_a621.3815 _bBAK-L |
||
| 100 | _aBakshi,U.A | ||
| 245 | 0 | _aLinear IC Applications | |
| 260 |
_bTechnical Publications Pune _aIndia _c2005 |
||
| 300 | _a552 | ||
| 546 | _aEng. | ||
| 650 |
_aEngineering _vIntegrated Circuits & |
||
| 942 | _cBK | ||
| 999 |
_c6271 _d6271 |
||